| 000 | 00392 a2200169 4500 | ||
|---|---|---|---|
| 001 | 184289 | ||
| 020 | _a85-16-00337-X | ||
| 040 | _cMagnum | ||
| 100 | _aMurgel Branco, Samuel | ||
| 240 | 1 | 0 |
_aAventuras de uma gota d´água _lpor |
| 245 | 1 | 0 | _aAventuras de uma gota d´água |
| 300 | _a40 | ||
| 362 | 0 | _a1990 | |
| 440 | 1 | _aModerna | |
| 697 | _aLITERATURA INFANTO-JUVENIL | ||
| 942 | _cBK | ||
| 999 |
_c184289 _d184289 |
||